Od fondov k profilovým fondom

Tvorba investičných balíkov. Forma zabránenia neželanej zmeny v rozložení portfólia podielnika a prispôsobenie sa aktuálnej situácii na trhoch. Profilové fondy ako posledný stupeň vývoja produktov pre masových klientov. Investovanie do namixovaných balíkov. Výhody a nevýhody profilových fondov.

Guardado en:
Detalles Bibliográficos
Autor principal: Škriniar, Pavel, 1979-
Formato: Capítulo de libro
Lenguaje:eslovaco
Materias:
Etiquetas: Agregar Etiqueta
Sin Etiquetas, Sea el primero en etiquetar este registro!

MARC

LEADER 00000naa$a2200000$$$4500
001 0054824
005 20240502071629.5
041 0 |a slo 
044 |a SK 
245 1 0 |a Od fondov k profilovým fondom  |c Pavel Škriniar 
520 |a Tvorba investičných balíkov. Forma zabránenia neželanej zmeny v rozložení portfólia podielnika a prispôsobenie sa aktuálnej situácii na trhoch. Profilové fondy ako posledný stupeň vývoja produktov pre masových klientov. Investovanie do namixovaných balíkov. Výhody a nevýhody profilových fondov. 
610 2 0 |a portfólio 
610 2 0 |a investori 
610 2 0 |a fondy fondov 
610 2 0 |a fondy podielové 
610 2 0 |a investovanie 
100 1 |a Škriniar, Pavel, 1979-